| 000 | 00801 a2200157 4500 | ||
|---|---|---|---|
| 001 | 122309 | ||
| 040 | _cEscola Canadense de Niteroi | ||
| 090 | _aOLI-I1 | ||
| 100 | _aOliveira, Santos | ||
| 245 | 1 | 0 | _aA Inspetora e a Mula-sem-Cabeça |
| 260 | _aRio de Janeiro | ||
| 362 | 0 | _a1974 | |
| 520 | _aUm bicho preto, sem cabeça, expelindo fogo, corria pelos campos da fazenda, roubando as galinhas de Vó Padroeira. A Patota da Coruja de Papelão, liderada pela Inspetora, munida de lanterna, fósforo, um pouco de sal grosso, álcool e um crucifixo de chumbo, decide enfrentar a temível Mula-sem-Cabeça. Para isso, passam a noite na Caverna do Morto, onde, à meia-noite, ouvem gemidos, cacarejos e gritos ensurdecedores vindos do fundo da caverna. | ||
| 650 | 4 | _aAção ou Aventura | |
| 942 | _cBK | ||
| 999 |
_c122309 _d122309 |
||